000
00295nam a2200121Ia 4500
008
191206s9999 xx 000 0 und d
020
_a
9.78797E+11
090
_a
DT2990.CHU
245
0
_a
Zimbabwe looking East
260
_c
c2015
300
_a
"xvii, 231 pages ; 21 cm"
999
_c
17353
_d
17353